Japanese in MangaLand : (Record no. 120)

MARC details
000 -LEADER
fixed length control field 01249cam a2200289Ia 4500
001 - CONTROL NUMBER
control field 25314262
003 - CONTROL NUMBER IDENTIFIER
control field BIBLIOS
005 - DATE AND TIME OF LATEST TRANSACTION
control field 20200421093819.0
008 - FIXED-LENGTH DATA ELEMENTS--GENERAL INFORMATION
fixed length control field 040503s2004 ja a 000 0 eng d
020 ## - INTERNATIONAL STANDARD BOOK NUMBER
International Standard Book Number 4889961151
040 ## - CATALOGING SOURCE
Original cataloging agency SDE
Transcribing agency SDE
Modifying agency OCLCQ
-- TWU
-- MIA
-- BIBLIOS
041 0# - LANGUAGE CODE
Language code of text/sound track or separate title eng
-- jpn
043 ## - GEOGRAPHIC AREA CODE
Geographic area code a-ja---
050 #4 - LIBRARY OF CONGRESS CALL NUMBER
Classification number PL539.5.E5
Item number B47 2004
100 1# - MAIN ENTRY--PERSONAL NAME
Personal name Bernabe, Marc
9 (RLIN) 135
245 10 - TITLE STATEMENT
Title Japanese in MangaLand :
Remainder of title learning the basics /
Statement of responsibility, etc. Marc Bernabe ... illustrations, Ken Niimura ..
260 ## - PUBLICATION, DISTRIBUTION, ETC.
Place of publication, distribution, etc. Tokyo :
Name of publisher, distributor, etc. Japan Publications Trading Co. ;
Place of publication, distribution, etc. New York, N.Y. :
Name of publisher, distributor, etc. U.S. distributor, Kodansha International/USA through Oxford Univ. Press,
Date of publication, distribution, etc. c2004
300 ## - PHYSICAL DESCRIPTION
Extent 269 p. :
Other physical details ill. ;
Dimensions 26 cm
520 ## - SUMMARY, ETC.
Summary, etc. Learn written and spoken Japanese through the popular comics or "mangas". Includes concise lessons with practical exercises and a mini-guidebook of the 160 essential kanji characters
650 #0 - SUBJECT ADDED ENTRY--TOPICAL TERM
Topical term or geographic name entry element Japanese language
General subdivision Study and teaching
-- English speakers
9 (RLIN) 548
650 #0 - SUBJECT ADDED ENTRY--TOPICAL TERM
Topical term or geographic name entry element Japanese language
General subdivision Composition and exercises
9 (RLIN) 549
650 #0 - SUBJECT ADDED ENTRY--TOPICAL TERM
Topical term or geographic name entry element Comic books, strips, etc.
Geographic subdivision Japan
9 (RLIN) 136
650 #0 - SUBJECT ADDED ENTRY--TOPICAL TERM
Topical term or geographic name entry element Chinese characters
Geographic subdivision Japan
9 (RLIN) 550
700 1# - ADDED ENTRY--PERSONAL NAME
Personal name Niimura, Ken
9 (RLIN) 137
942 ## - ADDED ENTRY ELEMENTS (KOHA)
Source of classification or shelving scheme Dewey Decimal Classification
Koha item type Books
998 ## - LOCAL CONTROL INFORMATION (RLIN)
First date, FD (RLIN) 25314262
Operator's initials, OID (RLIN) 9784889961151
Cataloger's initials, CIN (RLIN) JapaneseinMangaLandlearni
Holdings
Withdrawn status Lost status Damaged status Not for loan Collection Home library Current library Shelving location Date acquired Barcode Date last seen Price effective from Koha item type
        Reference Centerville Centerville General stacks 09/04/2014 39999000004816 09/04/2014 09/04/2014 Books
        Reference Midway Midway General stacks 09/04/2014 39999000004830 09/04/2014 09/04/2014 Books